[Event "Paracin Winter op"]
[Site "Paracin"]
[Date "2019.02.05"]
[Round "8"]
[White "Lazic, Milan B"]
[Black "Micanovic, Zoran"]
[Result "0-1"]
[WhiteElo "1986"]
[BlackElo "1838"]
[PlyCount "54"]
[EventDate "2019.01.31"]
[EventType "swiss"]
[EventRounds "9"]
[EventCountry "SRB"]
[SourceTitle "CBM 188 Extra"]
[Source "ChessBase"]
[SourceDate "2019.02.28"]
[SourceVersion "1"]
[SourceVersionDate "2019.02.28"]
[SourceQuality "1"]

1. e4 e5 2. d4 exd4 3. Nf3 Nc6 4. Bc4 d6 5. c3 Ne5 6. cxd4 Nxc4 7. Qa4+ c6 8. Qxc4 Be7 9. Nc3 Nf6 10. Qe2 0-0 11. h3 Re8 12. 0-0 h6 13. Bf4 Bf8 14. Qc2 Nxe4 15. Nxe4 Bf5 16. Nfd2 d5 17. f3 dxe4 18. fxe4 Qxd4+ 19. Kh1 Bxe4 20. Nxe4 Qxe4 21. Qb3 b6 22. Rad1 Rad8 23. Bc7 Rd5 24. Rxd5 Qxd5 25. Qxd5 cxd5 26. Rd1 Rc8 27. Be5 Rd8 0-1

[Event "Paracin Winter op"]
[Site "Paracin"]
[Date "2019.02.04"]
[Round "7"]
[White "Novakovic, Aleksandar S"]
[Black "Lazic, Milan B"]
[Result "0-1"]
[WhiteElo "1785"]
[BlackElo "1986"]
[PlyCount "66"]
[EventDate "2019.01.31"]
[EventType "swiss"]
[EventRounds "9"]
[EventCountry "SRB"]
[SourceTitle "CBM 188 Extra"]
[Source "ChessBase"]
[SourceDate "2019.02.28"]
[SourceVersion "1"]
[SourceVersionDate "2019.02.28"]
[SourceQuality "1"]

1. e4 c5 2. Nc3 Nc6 3. g3 g6 4. Bg2 Bg7 5. Nge2 e6 6. 0-0 Nge7 7. d3 0-0 8. Be3 d6 9. Qd2 Rb8 10. Bh6 b5 11. Bxg7 Kxg7 12. f4 b4 13. Nd1 f5 14. Nf2 Qb6 15. Kh1 a5 16. g4 a4 17. h4 fxg4 18. Nxg4 Ng8 19. Ng3 Qd8 20. Qf2 Qxh4+ 21. Nh2 Qe7 22. Rae1 Qf6 23. b3 e5 24. f5 Nh6 25. Qd2 Qh4 26. f6+ Rxf6 27. Rxf6 Qxf6 28. Rf1 Qh4 29. Qf2 Qxh2+ 30. Kxh2 Ng4+ 31. Kg1 Nxf2 32. Kxf2 axb3 33. cxb3 Ra8 0-1

[Event "Paracin Winter op"]
[Site "Paracin"]
[Date "2018.02.01"]
[Round "3"]
[White "Ozen, Bahadir"]
[Black "Lazic, Milan B"]
[Result "1-0"]
[WhiteElo "2260"]
[BlackElo "2006"]
[PlyCount "59"]
[EventDate "2018.01.30"]
[EventType "swiss"]
[EventRounds "9"]
[EventCountry "SRB"]
[SourceTitle "CBM 182 Extra"]
[Source "ChessBase"]
[SourceDate "2018.02.23"]
[SourceVersion "1"]
[SourceVersionDate "2018.02.23"]
[SourceQuality "1"]

1. g3 Nf6 2. Bg2 g6 3. d3 Bg7 4. e4 d6 5. Nd2 c5 6. Nh3 Nc6 7. f4 Bg4 8. Nf3 Nd4 9. Nf2 Bxf3 10. Bxf3 Nxf3+ 11. Qxf3 Qb6 12. 0-0 h5 13. h3 Nd7 14. Rb1 Qc6 15. c3 b5 16. Be3 e5 17. f5 0-0-0 18. c4 Bh6 19. Nd1 gxf5 20. Qxf5 bxc4 21. dxc4 Rdg8 22. Rf3 Qa4 23. Rc1 Qxa2 24. Bxh6 Rxh6 25. Ra3 Qxa3 26. bxa3 Rf6 27. Qxh5 Rxg3+ 28. Kh2 Rfg6 29. Rc2 Nf6 30. Qf5+ 1-0

[Event "Paracin-ch"]
[Site "Paracin"]
[Date "2016.01.24"]
[Round "9"]
[White "Stojanov, Ptolomej Petar"]
[Black "Lazic, Milan B"]
[Result "1/2-1/2"]
[WhiteElo "1715"]
[BlackElo "1980"]
[PlyCount "103"]
[EventDate "2016.01.19"]
[EventType "swiss"]
[EventRounds "9"]
[EventCountry "SRB"]
[SourceTitle "CBM 170 Extra"]
[Source "ChessBase"]
[SourceDate "2016.02.25"]
[SourceVersion "1"]
[SourceVersionDate "2016.02.25"]
[SourceQuality "1"]

1. Nf3 c5 2. c4 Nc6 3. Nc3 g6 4. g3 Bg7 5. Bg2 Nf6 6. 0-0 0-0 7. d4 cxd4 8. Nxd4 d6 9. Nxc6 bxc6 10. Bxc6 Rb8 11. Bg2 Qa5 12. Nb5 a6 13. Bd2 Qd8 14. Nd4 Bb7 15. Bc3 Bxg2 16. Kxg2 Qc7 17. Qa4 Ne4 18. Qc2 Nxc3 19. Qxc3 Qb7+ 20. Kg1 Qxb2 21. Qxb2 Rxb2 22. e3 Rc8 23. Rfc1 Bxd4 24. exd4 Rb4 25. c5 Rxd4 26. cxd6 Rxc1+ 27. Rxc1 exd6 28. Rc6 a5 29. Kf1 Kf8 30. Ke2 Ke7 31. Ke3 Ra4 32. Rc2 Ke6 33. Kd3 d5 34. f4 h5 35. Rb2 Rb4 36. Rc2 h4 37. Rc6+ Ke7 38. Rc5 hxg3 39. hxg3 Ra4 40. Rxd5 Rxa2 41. Kc3 Ra3+ 42. Kd4 Ra1 43. Kc4 a4 44. g4 a3 45. Kb3 Rf1 46. Rd4 Rf3+ 47. Ka2 f6 48. Ra4 g5 49. Ra7+ Ke6 50. Ra6+ Kf7 51. Ra7+ Kf8 52. fxg5 1/2-1/2

[Event "SRB-chT2 East"]
[Site "Vrnjacka Banja"]
[Date "2015.08.30"]
[Round "5.4"]
[White "Lazic, Milan B"]
[Black "Djukic, Slobodan D"]
[Result "0-1"]
[WhiteElo "1990"]
[BlackElo "2127"]
[PlyCount "88"]
[EventDate "2015.08.28"]
[EventType "team-tourn"]
[EventRounds "11"]
[EventCountry "SRB"]
[SourceTitle "EXT 2022"]
[Source "ChessBase"]
[SourceDate "2021.10.06"]
[SourceVersion "1"]
[SourceVersionDate "2021.10.06"]
[SourceQuality "1"]

1. e4 c5 2. Nc3 Nc6 3. g3 g6 4. Bg2 Bg7 5. d3 e6 6. f4 d6 7. Be3 Nge7 8. Nf3 Nd4 9. 0-0 0-0 10. Rb1 Nec6 11. Ne2 Nxf3+ 12. Bxf3 Nd4 13. Bg2 d5 14. e5 Nxe2+ 15. Qxe2 Qc7 16. c3 Bd7 17. Qf2 Rac8 18. b3 f6 19. d4 fxe5 20. dxc5 exf4 21. gxf4 Bxc3 22. Rbc1 Bg7 23. Bd4 Bb5 24. Bxg7 Qxg7 25. Rfe1 Rce8 26. Qd2 Bc6 27. Re5 Qf6 28. Rf1 Kg7 29. Qa5 a6 30. a4 Qh4 31. Qd2 Rf5 32. Qd4 Qf6 33. Bh3 Rxe5 34. fxe5 Qg5+ 35. Kh1 Bd7 36. Qb4 Bc8 37. Qc3 Bd7 38. Qf3 Qe7 39. Qe3 Rf8 40. Ra1 Qh4 41. Bg2 Bc6 42. Kg1 d4 43. Qd2 d3 44. Qxd3 Qg4 0-1

[Event "SRB-chT2 East"]
[Site "Vrnjacka Banja"]
[Date "2015.08.29"]
[Round "3.5"]
[White "Lazic, Milan B"]
[Black "Ivic, Matija"]
[Result "1/2-1/2"]
[WhiteElo "1990"]
[BlackElo "2172"]
[PlyCount "54"]
[EventDate "2015.08.28"]
[EventType "team-tourn"]
[EventRounds "11"]
[EventCountry "SRB"]
[SourceTitle "EXT 2022"]
[Source "ChessBase"]
[SourceDate "2021.10.06"]
[SourceVersion "1"]
[SourceVersionDate "2021.10.06"]
[SourceQuality "1"]

1. e4 c6 2. d4 d5 3. exd5 cxd5 4. c4 Nf6 5. Nc3 g6 6. cxd5 Bg7 7. Bc4 0-0 8. Bf4 Nbd7 9. Bb3 Nb6 10. Be5 Nbxd5 11. Nxd5 Nxd5 12. Bxg7 Kxg7 13. Ne2 Bg4 14. f3 Bf5 15. Qd2 Qd6 16. g4 Be6 17. h4 h6 18. h5 g5 19. 0-0-0 a5 20. Kb1 b5 21. Nc3 Nxc3+ 22. Qxc3 Rfc8 23. Qe3 Bxb3 24. Qxb3 Rab8 25. Rhe1 Rc4 26. Qe3 e6 27. b3 Rc6 1/2-1/2

[Event "SRB Central-ch op-B 8th"]
[Site "Paracin"]
[Date "2015.07.04"]
[Round "3"]
[White "Farkas, Sandor I"]
[Black "Lazic, Milan B"]
[Result "1-0"]
[WhiteElo "1863"]
[BlackElo "2019"]
[PlyCount "120"]
[EventDate "2015.07.03"]
[EventType "swiss"]
[EventRounds "9"]
[EventCountry "SRB"]
[SourceTitle "CBM 167 Extra"]
[Source "ChessBase"]
[SourceDate "2015.09.14"]
[SourceVersion "1"]
[SourceVersionDate "2015.09.14"]
[SourceQuality "1"]

1. e4 c5 2. Nf3 Nc6 3. d4 cxd4 4. Nxd4 g6 5. c4 Bg7 6. Be3 Nf6 7. Nc3 Ng4 8. Qxg4 Nxd4 9. Qd1 Ne6 10. Rc1 Qa5 11. Bd3 g5 12. 0-0 h5 13. Rc2 Be5 14. c5 Qc7 15. h4 Bf4 16. Nd5 Qe5 17. hxg5 Bxe3 18. fxe3 Nxg5 19. Rf5 Qg3 20. Qd2 Ne6 21. Rf3 Qe5 22. Qf2 Qg7 23. Qh4 f6 24. Rg3 Qf8 25. e5 Rh6 26. Bg6+ Kd8 27. Qa4 b6 28. cxb6 Bb7 29. bxa7 Rxg6 30. Qa5+ Ke8 31. Rxg6 Qf7 32. Rg3 h4 33. Rg4 Qh5 34. Rcc4 f5 35. Rxh4 Qd1+ 36. Kh2 Bxd5 37. Rcd4 Nxd4 38. Qxd5 Nf3+ 39. Qxf3 Qxf3 40. gxf3 Rxa7 41. a3 Ra5 42. e6 dxe6 43. Rd4 Rb5 44. b4 e5 45. Rd3 Kf7 46. Kg3 Ke6 47. Kf2 Rb8 48. Rc3 Rh8 49. b5 Rh2+ 50. Kg3 Rb2 51. a4 Kd5 52. Rc7 Rb3 53. Rxe7 Rxe3 54. b6 e4 55. b7 Rxf3+ 56. Kg2 Rb3 57. a5 f4 58. a6 Rb2+ 59. Kh3 f3 60. a7 f2 1-0

[Event "Paracin-ch"]
[Site "Paracin"]
[Date "2015.01.16"]
[Round "2"]
[White "Radovic, Luka"]
[Black "Lazic, Milan B"]
[Result "1/2-1/2"]
[WhiteElo "2310"]
[BlackElo "2008"]
[PlyCount "147"]
[EventDate "2015.01.15"]
[EventType "swiss"]
[EventRounds "7"]
[EventCountry "SRB"]
[SourceTitle "CBM 164 Extra"]
[Source "ChessBase"]
[SourceDate "2015.03.02"]
[SourceVersion "1"]
[SourceVersionDate "2015.03.02"]
[SourceQuality "1"]

1. Nf3 c5 2. c4 Nc6 3. g3 g6 4. Bg2 Bg7 5. 0-0 e6 6. Nc3 d5 7. cxd5 exd5 8. d4 cxd4 9. Nb5 a6 10. Nbxd4 Nge7 11. Be3 0-0 12. Qd2 Re8 13. Rfd1 Bd7 14. Rac1 Rc8 15. Nb3 Ne5 16. Nxe5 Bxe5 17. Bg5 Bc6 18. e4 f6 19. exd5 fxg5 20. dxc6 Nxc6 21. Bxc6 Qxd2 22. Rxd2 Rxc6 23. Rxc6 bxc6 24. Rc2 Ra8 25. Na5 c5 26. Kg2 g4 27. b3 Bd4 28. Nc6 Re8 29. Rc4 Re2 30. Nxd4 cxd4 31. Ra4 d3 32. Rxa6 Rb2 33. Rd6 d2 34. Kf1 Rxa2 35. Ke2 d1Q+ 36. Kxd1 Rxf2 37. Rd2 Rf7 38. b4 h5 39. Rb2 Kf8 40. Kd2 Ke7 41. b5 Kd7 42. Kd3 Kc7 43. Kc4 Kb7 44. Rd2 Rc7+ 45. Kb4 Rf7 46. Ka4 Rf6 47. Rd7+ Kb8 48. Rg7 Re6 49. Kb4 Rf6 50. Kc5 Kc8 51. Kd5 Kb8 52. Kc5 Kc8 53. Rh7 Kb8 54. Rd7 Rf2 55. Kc6 Rc2+ 56. Kb6 Kc8 57. Rg7 Rxh2 58. Rxg6 Rg2 59. Rg5 Rxg3 60. Rxh5 Rg1 61. Rg5 g3 62. Rc5+ Kb8 63. Rf5 Kc8 64. Rc5+ Kb8 65. Rg5 Kc8 66. Rg8+ Kd7 67. Kb7 Ke6 68. b6 Kf5 69. Kb8 Rb1 70. b7 Kf4 71. Kc7 Kf3 72. Rxg3+ Kxg3 73. b8Q Rxb8 74. Kxb8 1/2-1/2

[Event "SRB Central-ch op-B 7th"]
[Site "Paracin"]
[Date "2014.07.08"]
[Round "6"]
[White "Rajic, Milovan"]
[Black "Lazic, Milan B"]
[Result "0-1"]
[WhiteElo "1794"]
[BlackElo "2022"]
[PlyCount "80"]
[EventDate "2014.07.04"]
[EventType "swiss"]
[EventRounds "9"]
[EventCountry "SRB"]
[SourceTitle "CBM 161 Extra"]
[Source "ChessBase"]
[SourceDate "2014.08.29"]
[SourceVersion "1"]
[SourceVersionDate "2014.08.29"]
[SourceQuality "1"]

1. d4 Nf6 2. c4 c5 3. d5 b5 4. cxb5 a6 5. b6 Qxb6 6. Nc3 g6 7. g3 d6 8. Bg2 Bg7 9. Nf3 0-0 10. 0-0 a5 11. Re1 Nbd7 12. Qc2 Ba6 13. h3 Rfb8 14. e4 Ra7 15. Rb1 Ne8 16. Be3 Nc7 17. Kh2 Nb5 18. Na4 Qd8 19. Red1 Rab7 20. Bf1 Nb6 21. Nxb6 Qxb6 22. e5 Nc7 23. Bg2 Qb4 24. Bd2 Qc4 25. Bc3 Qb5 26. Bf1 c4 27. Qe4 Qc5 28. Kg1 Nb5 29. Bd2 dxe5 30. Qxc4 Qd6 31. Bxa5 Nd4 32. Qc3 Ne2+ 33. Bxe2 Bxe2 34. Rd2 e4 35. Nd4 Bd3 36. Rxd3 exd3 37. Qxd3 Qxd5 38. Rd1 Bxd4 39. b4 e5 40. a4 Rxb4 0-1

[Event "SRB Central-ch op-B 6th"]
[Site "Paracin"]
[Date "2013.07.09"]
[Round "6"]
[White "Van Steenkiste, Luc"]
[Black "Lazic, Milan B"]
[Result "0-1"]
[WhiteElo "1833"]
[BlackElo "1978"]
[PlyCount "80"]
[EventDate "2013.07.05"]
[EventType "swiss"]
[EventRounds "9"]
[EventCountry "SRB"]
[SourceTitle "CBM 155 Extra"]
[Source "ChessBase"]
[SourceDate "2013.08.26"]
[SourceVersion "1"]
[SourceVersionDate "2013.08.26"]
[SourceQuality "1"]

1. d4 Nf6 2. f3 c5 3. d5 g6 4. e4 d6 5. Be3 Bg7 6. c4 Qb6 7. Bc1 0-0 8. Nc3 e6 9. Bd3 Nbd7 10. Qc2 Ne5 11. Nge2 exd5 12. exd5 Nxd3+ 13. Qxd3 Bf5 14. Qd1 Qb4 15. g4 Bd7 16. Qd3 b5 17. b3 a5 18. Bd2 bxc4 19. bxc4 Qb6 20. 0-0 Qd8 21. Bf4 Bc8 22. Rab1 Re8 23. Ng3 Bf8 24. Rfe1 Ba6 25. Bg5 Rxe1+ 26. Rxe1 h6 27. Bc1 Nd7 28. f4 Qh4 29. Kh1 Nf6 30. Kg2 Nxg4 31. h3 Qxh3+ 32. Kxh3 Nf2+ 33. Kg2 Nxd3 34. Rd1 Nxc1 35. Rxc1 Bxc4 36. Nce4 Rb8 37. Nf6+ Kg7 38. Nge4 Rb2+ 39. Kg3 Bb5 40. Ng4 f5 0-1

[Event "SRB Central-ch op-B 6th"]
[Site "Paracin"]
[Date "2013.07.06"]
[Round "2"]
[White "Ristic, Dejan D"]
[Black "Lazic, Milan B"]
[Result "1/2-1/2"]
[WhiteElo "1823"]
[BlackElo "1978"]
[PlyCount "42"]
[EventDate "2013.07.05"]
[EventType "swiss"]
[EventRounds "9"]
[EventCountry "SRB"]
[SourceTitle "CBM 155 Extra"]
[Source "ChessBase"]
[SourceDate "2013.08.26"]
[SourceVersion "1"]
[SourceVersionDate "2013.08.26"]
[SourceQuality "1"]

1. c4 c5 2. Nc3 Nc6 3. g3 g6 4. Bg2 Bg7 5. Nf3 Nf6 6. 0-0 0-0 7. d4 cxd4 8. Nxd4 d6 9. a3 Bd7 10. e3 Qa5 11. b4 Qh5 12. Qxh5 Nxh5 13. Bb2 Rac8 14. Rfe1 a6 15. h3 Kh8 16. Kh2 Rfd8 17. Bf1 Nf6 18. Kg2 Kg8 19. Rac1 h6 20. h4 g5 21. hxg5 hxg5 1/2-1/2

[Event "Paracin-ch"]
[Site "Paracin"]
[Date "2013.01.19"]
[Round "7"]
[White "Lazic, Radomir"]
[Black "Lazic, Milan B"]
[Result "0-1"]
[WhiteElo "1582"]
[BlackElo "1998"]
[PlyCount "56"]
[EventDate "2013.01.11"]
[EventType "swiss"]
[EventRounds "9"]
[EventCountry "SRB"]
[SourceTitle "EXT 2019"]
[Source "ChessBase"]
[SourceDate "2018.10.10"]
[SourceVersion "1"]
[SourceVersionDate "2018.10.10"]
[SourceQuality "1"]

1. e4 c5 2. Nf3 Nc6 3. d4 cxd4 4. Nxd4 g6 5. Nxc6 bxc6 6. Bc4 Bg7 7. c3 e6 8. Qe2 Ne7 9. Be3 0-0 10. Nd2 d5 11. Bb3 a5 12. Bc5 Ba6 13. Qe3 Rb8 14. h4 a4 15. Bxa4 Rxb2 16. Bb3 dxe4 17. Ba3 Nf5 18. Bxb2 Nxe3 19. fxe3 Bxc3 20. Bxc3 Qd3 21. Kf2 Qxc3 22. Nxe4 Qb2+ 23. Kf3 Qe2+ 24. Kf4 e5+ 25. Kxe5 Qxe3 26. Rae1 Re8+ 27. Kd6 Qd4+ 28. Kc7 Rc8# 0-1

[Event "SRB-chT3 East CS"]
[Site "Serbia"]
[Date "2012.09.28"]
[Round "1.25"]
[White "Lazic, Milan B"]
[Black "Kostic, Tomislav"]
[Result "1/2-1/2"]
[WhiteElo "1995"]
[BlackElo "1876"]
[PlyCount "27"]
[EventDate "2012.09.28"]
[EventType "team"]
[EventRounds "10"]
[EventCountry "SRB"]
[SourceTitle "EXT 2015"]
[Source "ChessBase"]
[SourceDate "2014.11.20"]
[SourceVersion "1"]
[SourceVersionDate "2014.11.20"]
[SourceQuality "1"]

1. e4 c5 2. c3 d5 3. exd5 Qxd5 4. d4 Nf6 5. Nf3 Bg4 6. Be2 e6 7. Na3 Nc6 8. Nb5 Qd8 9. dxc5 Bxc5 10. Bg5 Qb6 11. Bxf6 gxf6 12. 0-0 Bxf3 13. gxf3 Rd8 14. Qc2 1/2-1/2

[Event "SRB Central-ch op-B 5th"]
[Site "Paracin"]
[Date "2012.07.06"]
[Round "1"]
[White "Miljkovic, Jovana"]
[Black "Lazic, Milan B"]
[Result "0-1"]
[WhiteElo "1661"]
[BlackElo "2042"]
[PlyCount "60"]
[EventDate "2012.07.06"]
[EventType "swiss"]
[EventRounds "9"]
[EventCountry "SRB"]
[SourceTitle "CBM 149 Extra"]
[Source "ChessBase"]
[SourceDate "2012.08.24"]
[SourceVersion "1"]
[SourceVersionDate "2012.08.24"]
[SourceQuality "1"]

1. c4 Nf6 2. Nc3 c5 3. g3 Nc6 4. Bg2 e6 5. Nf3 d5 6. cxd5 exd5 7. d4 cxd4 8. Nxd4 Bc5 9. Nxc6 bxc6 10. 0-0 0-0 11. h3 Bf5 12. a3 a5 13. Na4 Bd6 14. Be3 Rb8 15. Qd2 Re8 16. Rfe1 Ne4 17. Qc1 Qc7 18. Bf4 Bxf4 19. Qxf4 Qxf4 20. gxf4 Re6 21. Rf1 Nd2 22. Rfe1 Nb3 23. Rad1 Rbe8 24. e3 Bc2 25. Bxd5 cxd5 26. Rxd5 Rg6+ 27. Rg5 Ree6 28. Kh2 Nd2 29. Re2 Nf3+ 30. Kh1 Bxa4 0-1

[Event "Paracin-ch"]
[Site "Paracin"]
[Date "2012.01.28"]
[Round "7"]
[White "Lazic, Milan B"]
[Black "Jovicic, Damir"]
[Result "1-0"]
[WhiteElo "2098"]
[BlackElo "1688"]
[PlyCount "55"]
[EventDate "2012.01.20"]
[EventType "swiss"]
[EventRounds "9"]
[EventCountry "SRB"]
[SourceTitle "CBM 146 Extra"]
[Source "ChessBase"]
[SourceDate "2012.02.29"]
[SourceVersion "1"]
[SourceVersionDate "2012.02.29"]
[SourceQuality "1"]

1. e4 e6 2. d4 d5 3. Nd2 c5 4. dxc5 Bxc5 5. Nb3 Bd6 6. exd5 exd5 7. Nf3 Nf6 8. Bg5 0-0 9. Be2 Be6 10. 0-0 Nbd7 11. Nfd4 Rc8 12. Re1 Re8 13. c3 Bb8 14. Nxe6 fxe6 15. Bg4 Ne5 16. Bh3 h6 17. Bf4 Nfd7 18. Nd4 Qf6 19. Nxe6 Rxe6 20. Qxd5 Rce8 21. Bxe5 Nxe5 22. Bxe6+ Kh8 23. Bh3 Qf4 24. g3 Nf3+ 25. Kh1 Rxe1+ 26. Rxe1 Qf8 27. Rd1 Bc7 28. Qf5 1-0